000 00607nam a22001937a 4500
005 20251108173622.0
008 250721s2005 xx 000 0 ara d
082 1 4 _a658.403/حجا
100 1 _aحجازي، هيثم علي
_eمؤلف
245 1 0 _aإدارة المعرفة : مدخل نظري /
264 1 _aعمان :
_bالأهلية للنشر و التوزيع،
_c2005.
300 _a158 ص.
650 1 7 _aالمعرفه
650 1 7 _aالتزود بالمعرفه
650 1 7 _aاداره الاعمال
650 1 7 _aاداره المعلومات
942 _2ddc
_cBK
999 _c108280
_d108280